00265nam a22000977a 4500003000400000082001500004100002500019245008400044260003100128300000800159SGT a363.7bCHA aCHAUDHARY, DR. RICHA aNAVIGATING THE LEGAL LANDSCAPE OF ENVIRONMENTAL CHALLENGES IN THE 21ST CENTURY  aINDIA bWALNUT PUB. c2024 a302